| 000 | 00619cam a2200145 4500500 | ||
|---|---|---|---|
| 005 | 20260208002352.0 | ||
| 041 | _afre | ||
| 042 | _adc | ||
| 100 | 1 | 0 |
_aDésveaux, Emmanuel _eauthor |
| 245 | 0 | 0 | _aJan Petrus Benjamin De Josselin de Jong, Les Danses des Piegan: danses indiennes d’Amérique du Nord. Trad. du néerlandais sous la dir. de Thomas Beaufils. Strasbourg, Impasses de l’Encre, 2004, 60 p. |
| 260 | _c2005. | ||
| 500 | _a8 | ||
| 786 | 0 | _nL'Homme | 175-176 | 3 | 2005-07-01 | p. 475s-572s | 0439-4216 | |
| 856 | 4 | 1 | _uhttps://shs.cairn.info/revue-l-homme-2005-3-page-475s?lang=fr&redirect-ssocas=7080 |
| 999 |
_c1645987 _d1645987 |
||